Catalog

Record Details

Catalog Search



Seventeen against the dealer  Cover Image Book Book

Seventeen against the dealer / Cynthia Voigt.

Voigt, Cynthia. (Author).

Summary:

Dicey struggles to make a go of a boatbuilding business while facing family concerns, romantic problems, and the uncertainties of a drifter who offers to help her in her work.

Record details

  • ISBN: 0689314973
  • ISBN: 0833554158
  • ISBN: 0689851332
  • Physical Description: 181 pages
  • Edition: 1st edition
  • Publisher: New York : Atheneum, 1989.
Subject: Dysfunctional families > Juvenile fiction.

LDR 00963cam a2200265 a 4500
001116092
003CONS
00520140703073255.0
008880809s1989 nyu j 000 1 eng
010 . ‡a 88027488
020 . ‡a0689314973
020 . ‡a0833554158
020 . ‡a0689851332
035 . ‡a(CPomAG)LMN301185
0500 . ‡aPZ7.V874 ‡bSe 1989
0820 . ‡a[Fic] ‡219
1001 . ‡aVoigt, Cynthia.
24510. ‡aSeventeen against the dealer / ‡cCynthia Voigt.
250 . ‡a1st edition
260 . ‡aNew York : ‡bAtheneum, ‡c1989.
300 . ‡a181 pages
520 . ‡aDicey struggles to make a go of a boatbuilding business while facing family concerns, romantic problems, and the uncertainties of a drifter who offers to help her in her work.
650 0. ‡aDysfunctional families ‡vJuvenile fiction.
959 . ‡i32269000010515 ‡lJF Voi ‡aJuvenile - Fiction ‡tJuv Fiction ‡g13.95
852 . ‡p32269000010515 ‡jJF Voi ‡gJuvenile - Fiction ‡cJuv Fiction ‡y13.95 ‡bSBPL
901 . ‡a116092 ‡bUnknown ‡c116092 ‡tbiblio

Additional Resources